Quizzes
Events
Quiz Creation
Community
Videos
Private Events
Remove Ads
Sign In
Join for FREE
Feedback
Dark Mode
Quiz Categories
Sports
Geography
Music
Movies
Television
Just For Fun
Miscellaneous
History
Literature
Language
Science
Gaming
Entertainment
Religion
Holiday
For Kids
Quiz Lab
Recent
Popular Today
Quiz Kudos Today
Editor Picks
Curator Picks
Quizzes by...
Day
Popularity
Type
Ratings
Length
Year
Community
Subscriptions
Recent Discussions
Orange Saloon
Badges
Playlists
Quests
Create
Leaderboards
Showdown
Live 5
Trivia Bingo
Activity
Puzzle Library
Sporcle Events
Private Events
Virtual Trivia
Globe League
Become a Host
Pub Owners
SporcleCon
Opinionation
Our Games
Videos
Blog
Mobile Apps
Partnerships
Remove Ads and Go Orange
Feedback
Geography
Country
Landmarks
City
State
Population
World
Capital
Continent
Flags
Europe
Africa
Asia
South America
North America
Oceania
Border
Canada
United Kingdom
Topography
United States
Geography
Country
Landmarks
City
State
Population
World
Capital
Continent
Flags
Europe
Africa
Asia
South America
North America
Oceania
Border
Canada
United Kingdom
Topography
United States
Random Quiz
Search Sporcle
×
Quiz Lab
Quiz Lab
Geography
Country
Type in answers that appear in a list
Type in answers that appear in a list
Classic
Best Score? Go Orange.
Countries With 'O' Stats
Can you name the countries containing the letter 'O'?
By
MtoTheWags
15m
67 Questions
2,007 Plays
2,007 Plays
2,007 Plays
Comments
Comments
Give Quiz Kudos
Give Quiz Kudos
-
- Ratings
hide this ad
Random Order
Randomize order of answers
Randomize order of answers
Replay
Link that replays current quiz
Next Quiz
Link to next quiz in quiz playlist
You Got
0%
They Got
Avg Score
86%
Avg Friend Score
Upgrade to see
Score Distribution
Jump to the score distribution portion of the page
Score
0/67
Timer
15:00
0
Plays Today
% Correct
South Korea
97.3%
North Korea
96.6%
South Africa
96.2%
Oman
95.5%
Democratic Republic of the Congo
95.2%
Norway
95.2%
Portugal
95%
Morocco
94.7%
Poland
94.4%
Dominica
93%
Dominican Republic
92.9%
Republic of the Congo
92.7%
Togo
92.6%
Honduras
92.1%
South Sudan
91.9%
Bolivia
91.9%
United Kingdom
91.3%
Jordan
90.7%
Mexico
90.6%
Monaco
90.4%
Indonesia
89.5%
Moldova
89.5%
Luxembourg
89.5%
Kosovo
89.4%
Romania
89.3%
Somalia
89.3%
Slovakia
89%
Laos
88.9%
Andorra
88.8%
Mongolia
88.8%
Angola
88.6%
Lesotho
88.5%
Montenegro
88.5%
Slovenia
88.3%
% Correct
Botswana
88.2%
Tonga
88.1%
Estonia
88%
Cambodia
87.2%
Comoros
86.9%
Costa Rica
86.8%
Cote d'Ivoire
86.8%
Mozambique
86.7%
Colombia
86.5%
Trinidad and Tobago
86.1%
San Marino
85.8%
Cameroon
85.7%
Solomon Islands
84.8%
Ethiopia
84.7%
Gabon
84%
Georgia
84%
Bosnia and Herzegovina
83.7%
El Salvador
83.6%
Lebanon
83.1%
Samoa
83.1%
Croatia
83%
Singapore
83%
Ecuador
82.9%
Macedonia
82.4%
Djibouti
82.3%
Equatorial Guinea
80.9%
Cabo Verde
80.5%
Barbados
79.9%
Micronesia
79.2%
Sao Tome and Principe
78.1%
Burkina Faso
77.8%
Timor-Leste
77.6%
Sierra Leone
75.6%
Quiz Playlist
Details
Report
Send in Message
Add To Playlist
Classic:
Type in answers that appear in a list
Random Order:
Randomize order of answers
Quiz Source
Last Updated: Feb 16, 2017
Quiz Scoreboard
CHALLENGE
Sign Up to Join the Scoreboard
Show All
Scores
Hide
Comments
May contain spoilers
Recently Published
Movies - When Are They Set?
by FPL_Elf
Movies
5m
Popular People in 1961
by mucciniale
History
6m
1-10 Letter E Words III
by El_Dandy
Language
2m
More to Explore
Quiz From the Vault
Featured Blog Post
Where Did the Easter Bunny Come From?
hide this ad
You Might Also Like...
Tags
Country Quiz
Letter Quiz
Today's Top Quizzes in Geography
Browse Geography
hide this ad
Today's Top Quizzes in Country
Browse Country
Top Contributed Quizzes in Geography
1
Countries of the World - No Outlines Minefield
2
Top 25 Cities of France on a map
3
Closest Countries to UK A-Z
4
One Thing in Common: United Kingdom
5
Any capital of a 'B' country per Continent
6
Blind Secret Country CLXXXVIII
7
African Flag Reveal XLV
8
Blind Ultimate Minefield: USA
9
Find the US States - No Outlines
10
One Thing in Common: Asia
Explore More
Trending Topics
Marvel
Crossword
Kpop
NBA
Harry Potter
Anime
Disney
Country
Soccer
WWE
The Office
Pokémon
Puzzle
Song
NFL
hide this ad
More By:
MtoTheWags
Quiz
Plays
Rating
Category
Featured
Created
Countries Ending With a Vowel
3,905
4.45
Geography
Apr 28, 2010
Countries With 'O'
2,007
3.08
Geography
Apr 20, 2010
Countries By Area
1,244
4.50
Geography
Dec 29, 2010
Four Syllable Countries
409
3.00
Geography
Jul 22, 2011
Countries by population
226
3.67
Geography
Jul 19, 2011
Go to Creator's Profile
Score Distribution
Quiz Creator Spotlight
MtoTheWags
Follow
Send a Message
Quizzes Created
-
Created Quiz Play Count
-
More By This Creator
Popular Quizzes Today
1
Find the Countries of Europe - No Outlines Minefield
2
Find the US States - No Outlines Minefield
3
The Countries of the World
4
Popular People in 1961
5
US States
6
1-10 Letter E Words III
7
Find the US States
8
One Thing in Common: World Cities II
More Geography Quizzes
Continent Consonants
Published
Trending Quizzes
Risky Map Clicking: Least Populous States A-Z
1-10 Letter F Words
1-10 Letter G Words
One Thing in Common: United Kingdom
Risky Map Clicking: Next State Alphabetically
Recently Updated
Leaping Animals
pecheneg
Reality TV Shows (A-Z)
bhenderson79
Rickey Henderson's Hall of Fame Teammates
pecheneg
Champions League XIs: Arsenal
pecheneg
Quick Pick: Celebrities in WWE's Hall of Fame
aduchscher
A-Z Keypad Blitz II
pecheneg
Multiple Oscar Actors
pecheneg
Mystery Phrase Blitz: Oscar 'Best Actors'
pecheneg
F. Scott Fitzgerald Novels
LTH
Pick 3 Villains
ddd62291
Trending Topics
Kpop
Harry Potter
Disney
NBA
Crossword
Marvel
Anime
Soccer
Pokémon
WWE
Country
The Office
Song
Puzzle
NFL
Your Account Isn't Verified!
In order to create a playlist on Sporcle, you need to verify the email address you used during registration. Go to your
Sporcle Settings
to finish the process.
Report this User
Report this user for behavior that violates our
Community Guidelines
.
Details:
Send Report
Go to the Sporcle.com Mobile Site →
Comments